000 00735nam a2200229Ia 4500
003 GCL
008 140319s9999 xx 000 0 ara d
040 _aGCL /
_cGCL
082 0 4 _a322.4
_bع ع
100 1 _aعصمت سيف الدولة
245 1 0 _aعن العروبة والاسلام /
_cعصمت سيف الدولة
700 1 _aمركز دراسات الوحدة العربية
260 _a[S.N] :
_bدار البراق للنشر ،
_c1990
300 _a296 ص
490 _a
650 0 4 _aالاسلام والمجتمع
650 0 4 _aالوطن العربى
650 0 4 _aالقومية العربية
650 0 4 _aالمجتمع العربى
650 0 4 _aالاسلام والسياسة
942 _2ddc
_cBK
999 _c55895
_d55895